Alle Nachbarländer zu Land #4 - Statistiken

Allgemein
  • Dieses Quiz wurde 65 mal gespielt
  • Das Durchschnittsergebnis liegt bei 28 aus 35
Antwortstatistiken
Länge Antwort % Korrekt
1.944km Russland
98%
1.599km Irak
96%
1.111km Belarus
94%
601km Rumänien
94%
424km Rumänien
94%
535km Polen
92%
97km Slowakei
92%
627km Slowakei
92%
2.158km Südsudan
92%
1.276km Ägypten
87%
1.202km Moldawien
87%
94km Slowenien
87%
921km Afghanistan
85%
1.359km Algerien
85%
321km Österreich
85%
164km Serbien
85%
1.403km Tschad
85%
838km Niger
83%
534km Türkei
77%
744km Äthiopien
75%
382km Libyen
75%
2.236km Mauretanien
75%
1.325km Burkina Faso
73%
348km Kroatien
73%
959km Pakistan
73%
689km Aserbaidschan
71%
489km Senegal
69%
1.148km Turkmenistan
67%
174km Zentralafrikanische Republik
67%
682km Eritrea
63%
599km Elfenbeinküste
62%
1.062km Guinea
60%
128km Ungarn
58%
44km Armenien
56%
128km Ukraine
44%
Keine übereinstimmenden Quizze gefunden
Verteilung der Resultate
Anzahl Personen mit jedem Resultat
Perzentil nach korrekt beantworteten Fragen
Ihre Resultats-Entwicklung
Sie haben dieses Quiz noch nicht gespielt